Heart Attack - Demi Lovato (All Lyrics) - Statistics

General Stats
  • This quiz has been taken 805 times
  • The average score is 330 of 398
Answer Stats
Lyrics % Correct
a
100%
attack.
99%
heart
99%
I
99%
have
97%
then
96%
you,
96%
you
96%
You
96%
you.
96%
when
95%
When
95%
in
94%
my
94%
think
94%
don't
93%
me
93%
ever
92%
If
92%
love.
92%
love
92%
that,
92%
that
92%
the
92%
The
92%
I'm
91%
it
91%
It
91%
like
91%
make
91%
Make
91%
to
91%
wanna
91%
'Cause
90%
did
90%
fall
90%
put
90%
But
89%
but
89%
I'd
89%
up.
89%
up,
89%
and
88%
And
88%
so
88%
So
88%
Putting
86%
putting
86%
can
85%
Never
85%
never
85%
on
85%
girl.
84%
yes
84%
Yes,
84%
right
83%
show.
83%
wear
83%
Won't
83%
won't
83%
act
82%
defenses
82%
guy.
82%
want.
82%
let
81%
nails
81%
pain's
81%
just
80%
your
79%
high
78%
Paint
78%
come
77%
glow.
77%
heels.
77%
said
77%
what
77%
can't
76%
care,
76%
get
76%
hair,
76%
had
75%
line.
75%
out
75%
basketball.
74%
comes
73%
good
73%
good,
73%
hold
73%
cover
72%
enough.
72%
play
72%
defenses
71%
doll.
71%
Ken
71%
nervous
71%
trouble
71%
getting
69%
hand.
69%
wash
68%
'em
67%
bounce
66%
for
65%
no
65%
be
62%
It's
53%
not
52%
perfume
52%
around,
48%
know
48%
is
47%
fair,
45%
cry
43%
help.
43%
too
43%
try
43%
myself.
42%
feels
41%
other
41%
hurts.
40%
paralyzed.
39%
than
39%
more
38%
time
38%
air,
37%
close
37%
guys.
37%
wrong
37%
break
36%
every
36%
one
36%
worth.
36%
gasp
34%
got
34%
into
34%
off,
34%
sweat
34%
there's
34%
flames.
33%
sun.
33%
blame.
32%
lost
32%
else
31%
flying
31%
burst
30%
take
30%
feelings
28%
rather
27%
lungs.
26%
run.
26%
scared,
25%
numb.
23%
burning,
18%
They're
16%
No matching quizzes found
Score Distribution
Percent of People with Each Score
Percentile by Number Answered
Your Score History
You have not taken this quiz